Equipos del fútbol español - Estadísticas

Estadísticas generales
  • Esta prueba ha sido intentada 89 veces
    84 desde el último reinicio
  • La puntuación promedio es 53 de 82
Estadísticas de respuestas
La Liga % Correcto
Real Madrid
97%
Athletic Club
96%
Real Betis
96%
Atlético de Madrid
94%
FC Barcelona
94%
Celta de Vigo
93%
Girona
93%
RC Deportivo
93%
Real Sociedad
93%
Sevilla
93%
Valencia
93%
Villarreal
93%
Real Oviedo
91%
Alavés
90%
Getafe
90%
Málaga
90%
Elche
88%
Albacete
87%
Rayo Vallecano
87%
RCD Mallorca
87%
CA Osasuna
86%
Levante
86%
RCD Espanyol
86%
Racing de Santander
84%
Real Zaragoza
83%
Sporting de Gijón
81%
Granada
80%
Real Valladolid
80%
Almería
78%
Cádiz
78%
UD Las Palmas
77%
Burgos
75%
Córdoba
75%
Leganés
75%
SD Huesca
75%
Castellón
74%
Real Madrid Castilla
72%
Tenerife
72%
Eibar
68%
Real Murcia
68%
Andorra
65%
Nàstic de Tarragona
65%
Real Sociedad B
64%
AD Ceuta
62%
Cultural Leonesa
62%
Ourense
62%
Mirandés
61%
CD Lugo
59%
Hércules
55%
Mérida
54%
Pontevedra
54%
UD Ibiza
52%
CE Sabadell
51%
Atlético Madrileño
49%
Betis Deportivo
48%
Racing Ferrol
48%
Guadalajara
46%
Cartagena
45%
Celta de Vigo B
45%
Sevilla Atlético
45%
Villarreal B
45%
Alcorcón
43%
Europa
43%
Zamora
43%
Bilbao Athletic
42%
Unionistas de Salamanca
42%
Cacereño
41%
Ponferradina
41%
Real Avilés
39%
Arenas Club de Getxo
38%
Barakaldo
38%
Teruel
38%
Osasuna B
36%
Arenteiro
32%
CD Eldense
32%
Marbella
32%
Talavera
32%
Algeciras
30%
Tarazona
30%
Sanluqueño
28%
Antequera
26%
Juventud de Torremolinos
23%
No se encontraron pruebas coincidentes
Distribución de puntuación
Porcentaje de gente con cada puntuación
Porcentaje por número respondido
Historial de tus puntuaciones
No has intentado esta prueba desde el último reinicio